000
00221nam a2200085Ia 4500
008
120527s9999 xx 000 0 und d
100
_a
GIMMIN &NICHOLSON
245
_a
Aviation medicine and the airline passenger
942
_c
BK
999
_c
25738
_d
25738